Kitāb al-tuffāḥah fī al-naḥw /

محفوظ في:

المؤلف الرئيسي: Naḥḥās, Aḥmad ibn Muḥammad, -950 (مؤلف)

مؤلفون آخرون: ʿAwwād, Kūrkīs.

التنسيق: كتاب

اللغة: Arabic

منشور في: Baghdād : Maṭbaʻat al-ʻĀnī, 1965.

الموضوعات:

الوسوم: إضافة وسم

لا توجد وسوم, كن أول من يضع وسما على هذه التسجيلة!

رقم الطلب: ( P )PJ6101 .N34 1965

LEADER 01184nam a2200253Ia 4500
003 OSt
005 20240626070434.0
008 130303s1965 iq 000 0 ara d
952 |0 0  |1 0  |2 lcc  |4 0  |7 1  |9 31381  |a ARCE  |b ARCE  |d 2022-01-25  |l 0  |o ( P )PJ6101 .N34 1965  |p 1025743  |r 2022-01-25 00:00:00  |w 2022-01-25  |y PT 
999 |c 29978  |d 29978 
040 |c ARCE Library 
050 4 |a ( P )PJ6101 .N34 1965 
100 1 |6 880-01  |a Naḥḥās, Aḥmad ibn Muḥammad,  |d -950,   |e author 
240 1 0 |a Tuffāḥah fī al-naḥw  
245 1 0 |6 880-02  |a Kitāb al-tuffāḥah fī al-naḥw /   |c taʼlīf Abī Jaʻfar al-Naḥḥās al-Naḥawī. Taḥqīq Kūrkīs ʻAwwād. 
246 3 |a Tuffāḥah fī al-nahw. 
264 1 |a Baghdād :   |b Maṭbaʻat al-ʻĀnī,   |c 1965. 
300 |a 32 pages ;   |c 24 cm. 
650 0 |a Arabic language  |x Grammar  
700 1 |a ʿAwwād, Kūrkīs. 
880 1 |6 100-01/(3/r  |a نحاس، أحمد بن محمد،‪‪‪‪‪‪‪‪‪‪‪‪‪‪‪‪‪‪‪‪‪  |d -950. 
880 1 0 |6 245-02/(3/r  |a كتاب التفّاحة في النحو   |c تأليف أبي جعفر النحّاس النحوي ; تحقيق كوركيس عوّاد 
901 |a reviewed 
942 |c PT  |2 lcc